00554nam a2200193 a 4500001001300000003000900013005001700022008004100039020000900080082001600089100003700105245007100142260003200213300000800245500003500253505001500288650002000303700003700323nice12345678IN_TiNIC20260116014807.0110111s1999 newa grp 000 0 eng  ac8000a394.26bPAN aPanigrahi, Kusum Misra Panigrahi aFestivals of Biodiversityb 13 Celebrations in 12 Months in Orissa aNew Delhi bNavdanya c1999 a82p aincludes index and biblioraphy2 aAppendices aFestivals-India1 aPanigrahi, Kusum Misra Panigrahi